Potions carried by Minecraft witches - Statistics

General Stats
  • This quiz has been taken 25 times
  • The average score is 3 of 7
Answer Stats
Answer % Correct
Poison
79%
Harming
74%
Healing
63%
Fire Resistance
37%
Water Breathing
37%
Weakness
37%
Swiftness
16%
No matching quizzes found
Score Distribution
Percent of People with Each Score
Percentile by Number Answered
Your Score History
You have not taken this quiz